LEADER 01180nas 2200409 a 450 001 9910142102603321 005 20260218111110.0 035 $a(OCoLC)39319723 035 $a(CKB)1000000000528784 035 $a(CONSER)sn 98039299 035 $a(DE-599)ZDB2064532-6 035 $a(NjHacI)991000000000528784 035 $a(DE-599)2064532-6 035 $a(EXLCZ)991000000000528784 100 $a19980604a19929999 sy 101 0 $aeng 135 $aurcnu||||| 181 $ctxt$2rdacontent 182 $cc$2rdamedia 183 $acr$2rdacarrier 200 10$aAddiction treatment forum 210 $a[Mundelein, Ill.?] $cLandmark Group$d1992- 210 1$aMundelein, Ill :$cLandmark Group,$d1992. 215 $a1 online resource 606 $aSubstance abuse$xTreatment$vPeriodicals 606 $aSubstance-Related Disorders$xtherapy 608 $aPeriodical. 615 0$aSubstance abuse$xTreatment 615 12$aSubstance-Related Disorders$xtherapy. 676 $a362.29 712 02$aLandmark Group, 801 0$bNjHacI 801 1$bNjHacl 906 $aJOURNAL 912 $a9910142102603321 996 $aAddiction treatment forum$92296226 997 $aUNINA